The Uruk world system: the dynamics of expansion of early Mesopotamian civilization
| Main Author: | |
|---|---|
| Format: | Print Book |
| Language: | English |
| Subito Delivery Service: | Order now. |
| Check availability: | HBZ Gateway |
| WorldCat: | WorldCat |
| Interlibrary Loan: | Interlibrary Loan for the Fachinformationsdienste (Specialized Information Services in Germany) |
| Published: |
Chicago [u.a.]
Univ. of Chicago Press
1993
|
| In: | Year: 1993 |
| Reviews: | , in: JAOS 116 (1996) 147-148 (Postgate, J.N.) |
| Standardized Subjects / Keyword chains: | B
Uruk
/ Settlement archeology
B Uruk / Civilization / Expansion / History B Mesopotamia / Culture / History / Mesopotamia / Culture B Sumer / Culture |
| RelBib Classification: | BC Ancient Orient; religion HH Archaeology TC Pre-Christian history ; Ancient Near East |
| Further subjects: | B
World view
B Middle East Civilization To 622 B Uruk B Iraq Civilization To 634 B Thesis |
| Online Access: |
Contributor biographical information Publisher description Table of contents |
MARC
| LEADER | 00000cam a2200000 c 4500 | ||
|---|---|---|---|
| 001 | 110612957 | ||
| 003 | DE-627 | ||
| 005 | 20251219221417.0 | ||
| 007 | tu | ||
| 008 | 921119s1993 xxu||||| m 00| ||eng c | ||
| 016 | 7 | |a 0226013812 |2 UK | |
| 020 | |a 0226013812 |c cloth : alk. paper |9 0-226-01381-2 | ||
| 035 | |a (DE-627)110612957 | ||
| 035 | |a (DE-576)034797017 | ||
| 035 | |a (DE-599)GBV110612957 | ||
| 035 | |a (OCoLC)26306576 | ||
| 035 | |a (OCoLC)26306576 | ||
| 035 | |a (DE-604)8084152788 | ||
| 040 | |a DE-627 |b ger |c DE-627 |e rakwb | ||
| 041 | |a eng | ||
| 044 | |c XD-US |c XA-GB | ||
| 050 | 0 | |a DS73.1 | |
| 082 | 0 | |a 935 | |
| 084 | |a 6,22 |a 1 |2 ssgn | ||
| 084 | |a 1 |2 ssgn | ||
| 084 | |a NG 4010 |2 rvk |0 (DE-625)rvk/125432:13123 | ||
| 084 | |a NG 4000 |2 rvk |0 (DE-625)rvk/125432:13122 | ||
| 084 | |a 15.16 |2 bkl | ||
| 100 | 1 | |0 (DE-588)172587654 |0 (DE-627)697522792 |0 (DE-576)16788445X |4 aut |a Algaze, Guillermo |d 1954- | |
| 109 | |a Algaze, Guillermo 1954- | ||
| 191 | |a 1 | ||
| 245 | 1 | 4 | |a The Uruk world system |b the dynamics of expansion of early Mesopotamian civilization |c Guillermo Algaze |
| 264 | 1 | |a Chicago [u.a.] |b Univ. of Chicago Press |c 1993 | |
| 300 | |a XII, 162 S |b graph. Darst., Kt |c 29 cm | ||
| 336 | |a Text |b txt |2 rdacontent | ||
| 337 | |a ohne Hilfsmittel zu benutzen |b n |2 rdamedia | ||
| 338 | |a Band |b nc |2 rdacarrier | ||
| 500 | |a Includes bibliographical references (p. [139] - 156) and index | ||
| 502 | |a Teilw. zugl.: Chicago <Ill.>, Univ., Diss., 1986 | ||
| 583 | 1 | |a Archivierung/Langzeitarchivierung gewährleistet |f SSG |x XA-DE-BW |2 pdager |5 DE-21 | |
| 583 | 1 | |a Archivierung prüfen |c 20240324 |f DE-4165 |z 1 |2 pdager | |
| 601 | |a System Dynamics | ||
| 650 | 0 | 7 | |0 (DE-588)4065352-3 |0 (DE-627)106119443 |0 (DE-576)209158085 |a Weltbild |2 gnd |
| 651 | 7 | |0 (DE-588)4062188-1 |0 (DE-627)106133233 |0 (DE-576)209142804 |a Uruk |2 gnd | |
| 652 | |a BC:HH:TC | ||
| 653 | 0 | |a Iraq |a Civilization |a To 634 | |
| 653 | 0 | |a Middle East |a Civilization |a To 622 | |
| 655 | 7 | |a Hochschulschrift |0 (DE-588)4113937-9 |0 (DE-627)105825778 |0 (DE-576)209480580 |2 gnd-content | |
| 689 | 0 | 0 | |d g |0 (DE-588)4062188-1 |0 (DE-627)106133233 |0 (DE-576)209142804 |2 gnd |a Uruk |
| 689 | 0 | 1 | |d s |0 (DE-588)4181216-5 |0 (DE-627)104539895 |0 (DE-576)210003375 |2 gnd |a Siedlungsarchäologie |
| 689 | 0 | |5 DE-101 | |
| 689 | 1 | 0 | |d g |0 (DE-588)4062188-1 |0 (DE-627)106133233 |0 (DE-576)209142804 |2 gnd |a Uruk |
| 689 | 1 | 1 | |d s |0 (DE-588)4067906-8 |0 (DE-627)106107127 |0 (DE-576)209171987 |2 gnd |a Zivilisation |
| 689 | 1 | 2 | |d s |0 (DE-588)4247031-6 |0 (DE-627)104514973 |0 (DE-576)210484357 |2 gnd |a Expansion |
| 689 | 1 | 3 | |q z |2 gnd |a Geschichte |
| 689 | 1 | |5 (DE-627) | |
| 689 | 2 | 0 | |d g |0 (DE-588)4038788-4 |0 (DE-627)106230603 |0 (DE-576)20903209X |2 gnd |a Mesopotamien |
| 689 | 2 | 1 | |d s |0 (DE-588)4125698-0 |0 (DE-627)104470348 |0 (DE-576)209578750 |2 gnd |a Kultur |
| 689 | 2 | 2 | |q z |2 gnd |a Geschichte |
| 689 | 2 | 3 | |d g |0 (DE-588)4038788-4 |0 (DE-627)106230603 |0 (DE-576)20903209X |2 gnd |a Mesopotamien |
| 689 | 2 | 4 | |d s |0 (DE-588)4125698-0 |0 (DE-627)104470348 |0 (DE-576)209578750 |2 gnd |a Kultur |
| 689 | 2 | |5 (DE-627) | |
| 689 | 3 | 0 | |d g |0 (DE-588)4206844-7 |0 (DE-627)105124648 |0 (DE-576)210177675 |2 gnd |a Sumer |
| 689 | 3 | 1 | |d s |0 (DE-588)4125698-0 |0 (DE-627)104470348 |0 (DE-576)209578750 |2 gnd |a Kultur |
| 689 | 3 | |5 (DE-627) | |
| 751 | |a Chicago, Ill. |0 (DE-588)4009921-0 |0 (DE-627)106360329 |0 (DE-576)208885285 |4 uvp | ||
| 787 | 0 | 8 | |i Rezension |a Postgate, J.N. |t , in: JAOS |g 116 (1996) 147-148 |
| 856 | 4 | 2 | |u http://www.loc.gov/catdir/description/uchi052/92027445.html |x Verlag |y Publisher description |7 1 |
| 856 | 4 | 2 | |u http://www.loc.gov/catdir/enhancements/fy0634/92027445-b.html |x Verlag |y Contributor biographical information |7 1 |
| 856 | 4 | 2 | |u http://www.loc.gov/catdir/enhancements/fy0634/92027445-t.html |x Verlag |y Table of contents |7 1 |
| 935 | |a mteo |a BIIN | ||
| 935 | |i Blocktest | ||
| 936 | r | v | |a NG 4010 |b Kunst und Architektur |k Geschichte |k Alte Geschichte |k Geschichte und Kultur des alten Orients und der Mittelmeervölker (ohne Griechen und Römer) |k Einzelne Reiche und Völker |k Irak (Mesopotamien mit Umland; Sumer, Akkad, Babylon und Assur) |k Kunst und Architektur |0 (DE-627)1399019120 |0 (DE-625)rvk/125432:13123 |0 (DE-576)329019120 |
| 936 | r | v | |a NG 4000 |b Allgemeines |k Geschichte |k Alte Geschichte |k Geschichte und Kultur des alten Orients und der Mittelmeervölker (ohne Griechen und Römer) |k Einzelne Reiche und Völker |k Irak (Mesopotamien mit Umland; Sumer, Akkad, Babylon und Assur) |k Allgemeines |0 (DE-627)1271452596 |0 (DE-625)rvk/125432:13122 |0 (DE-576)201452596 |
| 936 | b | k | |a 15.16 |j Altorientalische Archäologie |j christliche Archäologie |0 (DE-627)106419765 |
| 951 | |a BO | ||
| BIB | |a 1 | ||
| ELC | |b 1 | ||
| ITA | |a 1 |t 1 | ||
| LOK | |0 000 xxxxxcx a22 zn 4500 | ||
| LOK | |0 001 3194917781 | ||
| LOK | |0 003 DE-627 | ||
| LOK | |0 004 110612957 | ||
| LOK | |0 005 20120322144445 | ||
| LOK | |0 008 931110||||||||||||||||ger||||||| | ||
| LOK | |0 040 |a DE-21 |c DE-627 |d DE-21 | ||
| LOK | |0 852 |a DE-21 | ||
| LOK | |0 852 1 |c 33 B 1643 |9 00 | ||
| LOK | |0 935 |a vord |a alto | ||
| LOK | |0 936ln |a v2.3 | ||
| LOK | |0 936ln |a t16.3 | ||
| LOK | |0 939 |a 10-11-93 |b l01 | ||
| LOK | |0 000 xxxxxcx a22 zn 4500 | ||
| LOK | |0 001 3194917854 | ||
| LOK | |0 003 DE-627 | ||
| LOK | |0 004 110612957 | ||
| LOK | |0 005 20100408053248 | ||
| LOK | |0 008 980205||||||||||||||||ger||||||| | ||
| LOK | |0 040 |a DE-21-31 |c DE-627 |d DE-21-31 | ||
| LOK | |0 541 |e 98/211 | ||
| LOK | |0 852 |a DE-21-31 | ||
| LOK | |0 852 1 |c Ce III 11 |m p |9 00 | ||
| LOK | |0 938 |k p | ||
| LOK | |0 938 |l E3 |8 0 | ||
| LOK | |0 939 |a 05-02-98 |b l01 | ||
| LOK | |0 000 xxxxxcx a22 zn 4500 | ||
| LOK | |0 001 3194917870 | ||
| LOK | |0 003 DE-627 | ||
| LOK | |0 004 110612957 | ||
| LOK | |0 005 20100407161852 | ||
| LOK | |0 008 041130||||||||||||||||ger||||||| | ||
| LOK | |0 040 |a DE-21-11 |c DE-627 |d DE-21-11 | ||
| LOK | |0 541 |e A97-114 | ||
| LOK | |0 852 |a DE-21-11 | ||
| LOK | |0 852 1 |c AOR Ha Algaz 1 |m p |9 00 | ||
| LOK | |0 935 |a k011 |a i011 |a kneu |a aori | ||
| LOK | |0 938 |k p | ||
| LOK | |0 939 |a 30-11-04 |b l01 | ||
| LOK | |0 000 xxxxxcx a22 zn 4500 | ||
| LOK | |0 001 3194918346 | ||
| LOK | |0 003 DE-627 | ||
| LOK | |0 004 110612957 | ||
| LOK | |0 005 20190311233732 | ||
| LOK | |0 008 190311||||||||||||||||ger||||||| | ||
| LOK | |0 035 |a (DE-Tue135-1)47236 | ||
| LOK | |0 040 |a DE-Tue135-1 |c DE-627 |d DE-Tue135-1 | ||
| LOK | |0 852 |a DE-Tue135-1 | ||
| LOK | |0 852 1 |c L09/70 |m p |9 00 | ||
| LOK | |0 852 2 |b EIS |9 00 | ||
| LOK | |0 935 |a iMON | ||
| LOK | |0 936ln |0 1442044187 |a HH | ||
| LOK | |0 936ln |0 1442043377 |a BC | ||
| LOK | |0 936ln |0 1442053569 |a TC | ||
| LOK | |0 938 |k p | ||
| LOK | |0 939 |a 11-03-19 |b l12 | ||
| ORI | |a SA-MARC-ixtheoa001.raw | ||
| REF | |a Kulturgeschichte | ||
| REL | |a 1 | ||
| STA | 0 | 0 | |a Civilization,Philosophy and civilization,Culture,Culture,Culture,Expansion,History,History,History in art,Mesopotamia,Mesopotamia,Northern Mesopotamia,Settlement archeology,Sumer,Shumer,Uruk,Erech,Orchoe,Tall al-Warka',World view,Conception of the world,Understanding of the world |
| STB | 0 | 0 | |a Archéologie des sites d'habitation,Civilisation,Civilisation,Culture,Culture,Civilisation,Civilisation,Culture,Civilisation (motif),Civilisation,Expansion,Histoire,Histoire,Histoire,Image du monde,Vision du monde,Vision du monde |
| STC | 0 | 0 | |a Arqueología del poblamiento,Civilización,Cultura,Cultura,Expansión,Historia,Historia,Historia,Imagen del mundo |
| STD | 0 | 0 | |a Archeologia degli insediamenti,Civilizzazione,Cultura,Cultura,Espansione territoriale,Immagine del mondo,Storia,Storia |
| STE | 0 | 0 | |a 世界观,宇宙观,历史,史,文化,文明,殖民考古学 |
| STF | 0 | 0 | |a 世界觀,宇宙觀,文化,文明,歷史,史,殖民考古學,经济扩张 |
| STG | 0 | 0 | |a Arqueologia do povoamento,Civilização,Cultura,Cultura,Expansão,História,História,Imagem do mundo |
| STH | 0 | 0 | |a Археология поселений,История (мотив),История,Картина мира,Культура (мотив),Культура,Цивилизация,Экспансия |
| STI | 0 | 0 | |a Εικόνα του κόσμου,Θεώρηση του κόσμου,Επέκταση,Ιστορία (μοτίβο),Ιστορία,Οικιστική αρχαιολογία,Αρχαιολογία των οικισμών,Πολιτισμός,Πολιτισμός <μοτίβο>,Πολιτισμός,Κουλτούρα,Κουλτούρα (μοτίβο) |
| SUB | |a BIB |a REL | ||
| SYE | 0 | 0 | |a Weltdeutung,Welterfahrung,Weltbetrachtung,Weltsicht,Weltverstehen,Weltverständnis,Weltbezug |
| SYF | 0 | 0 | |a Erech,Unug,Orchoë,Orchoi |
| SYG | 0 | 0 | |a Erech,Unug,Orchoë,Orchoi , Erech,Unug,Orchoë,Orchoi , History,Geschichtliche Epoche,Historical development,Historische Entwicklung,Landesgeschichte,Regionalgeschichte,Ortsgeschichte,Zeitgeschichte , Zweistromland,Zwischenstromland , Culture , History,Geschichtliche Epoche,Historical development,Historische Entwicklung,Landesgeschichte,Regionalgeschichte,Ortsgeschichte,Zeitgeschichte , Zweistromland,Zwischenstromland , Culture , Culture |



